Antibiosis de Vicia villosa Roth y Vicia sativa L. a Acyrthosiphon pisum Harris /

Guardado en:
Autor Principal: Campagne, Alejo Martín.
Autor Corporativo: Universidad Nacional del Sur. Departamento de Agronomía.
Otros Autores: Sánchez Chopa, Carolina, (tutor.)
Formato: Libro
Idioma:Spanish
Publicado: Bahía Blanca, 2013.
Etiquetas: Agregar Etiqueta
Sin Etiquetas, Sea el primero en etiquetar este registro!
LEADER 00728nam a22001695a 4500
001 EEA.libagro009299
005 20181029133951.0
008 140128s2013####ag############000#0#spa#d
041 1 |a spa 
100 1 |a Campagne, Alejo Martín. 
245 1 0 |a Antibiosis de Vicia villosa Roth y Vicia sativa L. a Acyrthosiphon pisum Harris /  |c Alejo Martín Campagne. 
260 |a Bahía Blanca,  |c 2013. 
300 |a 33 h. :  |b il. col ;  |c 30 cm. 
500 |a Trabajo de intensificación (Ingeniero Agrónomo) -- Universidad Nacional del Sur. Departamento de Agronomía, 2013. 
700 1 |a Sánchez Chopa, Carolina,  |e tutor. 
710 2 |a Universidad Nacional del Sur.  |b Departamento de Agronomía. 
859 |a AR-BbBCA  |b BIB. AGRONOMIA  |h 633.208  |i C186  |p 2013/6319